Loading...
| Current Events | 1 | 10.00 | 100% | 0% | 0% |
| Fine Arts - Classical Music | 6 | 3.33 | 17% | 17% | 0% |
| Fine Arts - Other | 2 | 10.00 | 50% | 50% | 0% |
| Fine Arts - Painting and Sculpture | 5 | 12.00 | 80% | 40% | 0% |
| History - American | 4 | 20.00 | 100% | 75% | 25% |
| History - European | 3 | 10.00 | 100% | 0% | 0% |
| History - Other | 3 | 10.00 | 100% | 0% | 0% |
| History - World | 5 | 10.00 | 80% | 20% | 0% |
| Literature - American | 3 | 20.00 | 100% | 100% | 0% |
| Literature - British | 1 | 10.00 | 100% | 0% | 0% |
| Literature - European | 1 | 20.00 | 100% | 100% | 0% |
| Literature - World | 3 | 16.67 | 100% | 67% | 0% |
| Mythology | 4 | 15.00 | 100% | 50% | 0% |
| Other Academic | 1 | 10.00 | 100% | 0% | 0% |
| Philosophy | 4 | 10.00 | 100% | 0% | 0% |
| Pop Culture | 2 | 15.00 | 100% | 50% | 0% |
| Religion | 6 | 11.67 | 83% | 17% | 17% |
| Science - Biology | 3 | 13.33 | 67% | 67% | 0% |
| Science - Chemistry | 5 | 10.00 | 60% | 40% | 0% |
| Science - Other | 2 | 20.00 | 100% | 50% | 50% |
| Science - Physics | 3 | 3.33 | 33% | 0% | 0% |
| Social Science | 3 | 10.00 | 100% | 0% | 0% |